[Event "Hradec Kralove Region-chT 2223"]
[Site "Czech Republic"]
[Date "2022.11.27"]
[Round "4.4"]
[White "Kabelka, Ondrej"]
[Black "Hubka, Lubos"]
[Result "1-0"]
[WhiteElo "2021"]
[BlackElo "1938"]
[PlyCount "51"]
[EventDate "2022.10.09"]
[EventType "team-tourn"]
[EventRounds "11"]
[EventCountry "CZE"]
[SourceTitle "EXT 2024"]
[Source "ChessBase"]
[SourceDate "2023.10.10"]
[SourceVersion "1"]
[SourceVersionDate "2023.10.10"]
[SourceQuality "1"]

1. d4 Nf6 2. c4 g6 3. g3 Bg7 4. Bg2 d6 5. Nf3 0-0 6. 0-0 Nbd7 7. Nc3 e5 8. e4 Re8 9. Re1 c6 10. h3 Qc7 11. Be3 Nf8 12. Qc2 Bd7 13. Rad1 Rad8 14. c5 exd4 15. cxd6 Qc8 16. Bxd4 Bxh3 17. Bxa7 Bxg2 18. Kxg2 N8d7 19. Bd4 Ng4 20. Bxg7 Kxg7 21. Na4 h5 22. Qc3+ f6 23. b4 Nge5 24. Nxe5 Nxe5 25. f4 Ng4 26. d7 1-0

[Event "Hradec Kralove Region-chT 0506"]
[Site "Czech Republic"]
[Date "2006.04.02"]
[Round "11.6"]
[White "Hubka, Lubos"]
[Black "Machlowski, Slawomir"]
[Result "0-1"]
[WhiteElo "1840"]
[BlackElo "2060"]
[PlyCount "102"]
[EventDate "2005.10.23"]
[EventType "team-tourn"]
[EventRounds "11"]
[EventCountry "CZE"]
[SourceTitle "EXT 2024"]
[Source "ChessBase"]
[SourceDate "2023.10.10"]
[SourceVersion "1"]
[SourceVersionDate "2023.10.10"]
[SourceQuality "1"]
[WhiteTeam "Jaromer Jiskra"]
[BlackTeam "Rychnov nad Kneznou"]
[WhiteTeamCountry "CZE"]
[BlackTeamCountry "CZE"]

1. e4 e6 2. d4 c5 3. Nf3 cxd4 4. Nxd4 Qb6 5. Nb3 Qc7 6. Nc3 a6 7. g3 b5 8. Bg2 Bb7 9. Bf4 d6 10. 0-0 Nd7 11. Qd2 Ngf6 12. Rfe1 Ne5 13. Bxe5 dxe5 14. Nd1 Rc8 15. c3 Be7 16. Qe2 0-0 17. f3 Bc6 18. Nf2 a5 19. Rac1 a4 20. Nd2 Qa7 21. Kh1 Rfd8 22. Red1 a3 23. b3 Bb7 24. Nh3 Ba6 25. Nb1 b4 26. c4 Bc5 27. Rxd8+ Rxd8 28. Rd1 Rxd1+ 29. Qxd1 Nd7 30. Qd2 h6 31. f4 f6 32. Qe1 g5 33. fxg5 hxg5 34. Qe2 Kf7 35. Bf3 Ke7 36. Nd2 Bb7 37. Kg2 Bd4 38. g4 Nc5 39. Nf2 Bc6 40. h3 Qd7 41. Nd3 Nxd3 42. Qxd3 Qa7 43. Nf1 Bc5 44. Ng3 Be3 45. Nf1 Bf4 46. Qd1 Qc5 47. Qd3 Qd6 48. Qe2 Qd4 49. h4 gxh4 50. Kh3 Bg5 51. Qe1 Qc3 0-1

[Event "Hradec Kralove Region-chT 0506"]
[Site "Czech Republic"]
[Date "2006.02.05"]
[Round "7.6"]
[White "Machacek, Jiri"]
[Black "Hubka, Lubos"]
[Result "1/2-1/2"]
[WhiteElo "1740"]
[BlackElo "1840"]
[PlyCount "41"]
[EventDate "2005.10.23"]
[EventType "team-tourn"]
[EventRounds "11"]
[EventCountry "CZE"]
[SourceTitle "EXT 2024"]
[Source "ChessBase"]
[SourceDate "2023.10.10"]
[SourceVersion "1"]
[SourceVersionDate "2023.10.10"]
[SourceQuality "1"]
[WhiteTeam "Lipa III"]
[BlackTeam "Jaromer Jiskra"]
[WhiteTeamCountry "CZE"]
[BlackTeamCountry "CZE"]

1. e4 c6 2. Nf3 d5 3. e5 Bf5 4. d4 Qb6 5. Bd3 Bxd3 6. Qxd3 e6 7. b3 c5 8. c3 cxd4 9. cxd4 Nc6 10. 0-0 Nb4 11. Qd1 Rc8 12. a3 Nc6 13. Be3 Nge7 14. Nbd2 Ng6 15. b4 Be7 16. Rb1 0-0 17. Nb3 Rb8 18. Qd2 Rfc8 19. Rfc1 Nd8 20. Rxc8 Rxc8 21. Rc1 1/2-1/2

[Event "Hradec Kralove Region-chT 0506"]
[Site "Czech Republic"]
[Date "2005.10.23"]
[Round "1.6"]
[White "Chalupecky, Vladimir"]
[Black "Hubka, Lubos"]
[Result "0-1"]
[WhiteElo "2039"]
[BlackElo "1840"]
[PlyCount "118"]
[EventDate "2005.10.23"]
[EventType "team-tourn"]
[EventRounds "11"]
[EventCountry "CZE"]
[SourceTitle "EXT 2024"]
[Source "ChessBase"]
[SourceDate "2023.10.10"]
[SourceVersion "1"]
[SourceVersionDate "2023.10.10"]
[SourceQuality "1"]
[WhiteTeam "Vrchlabi"]
[BlackTeam "Jaromer Jiskra"]
[WhiteTeamCountry "CZE"]
[BlackTeamCountry "CZE"]

1. e4 c6 2. d4 d5 3. exd5 cxd5 4. c3 Nc6 5. f4 Nf6 6. Nf3 Bf5 7. Bb5 Qb6 8. Qb3 e6 9. Ne5 Rc8 10. Nd2 Bd6 11. a4 0-0 12. Bxc6 bxc6 13. Qxb6 axb6 14. b4 Bxe5 15. fxe5 Ne4 16. Ra3 Nxd2 17. Bxd2 Bd3 18. Be3 Ra8 19. Kd2 Bc4 20. Rha1 Ra6 21. Bg5 f6 22. exf6 gxf6 23. Bh6 Rfa8 24. Kc2 Kf7 25. a5 bxa5 26. bxa5 e5 27. dxe5 fxe5 28. Be3 Ke6 29. Bc5 Rb8 30. Bb6 Rg8 31. Rg1 Rf8 32. Raa1 Kd6 33. Rae1 c5 34. Re3 Rf6 35. Rf3 Rh6 36. h3 Ra8 37. g4 e4 38. Rfg3 Rf8 39. g5 Rf2+ 40. Kc1 Rg6 41. h4 Rh2 42. Rg4 e3 43. Re1 Re6 44. Rf4 Rf2 45. Rf6 Rexf6 46. gxf6 e2 47. Bd8 d4 48. cxd4 cxd4 49. Kd2 d3 50. Be7+ Ke6 51. h5 Rf5 52. Ra1 Ba6 53. h6 Rh5 54. Bb4 Kxf6 55. Rc1 Rxh6 56. Rc6+ Kg5 57. Bd6 Rh1 58. Bg3 Rd1+ 59. Kc3 d2 0-1

[Event "Nachodsko-ch"]
[Site "Nachod"]
[Date "2001.??.??"]
[Round "10"]
[White "Hubka, Lubos"]
[Black "Nyvlt, Otto"]
[Result "1/2-1/2"]
[WhiteElo "1615"]
[BlackElo "1870"]
[PlyCount "43"]
[EventDate "2001.??.??"]
[EventType "tourn"]
[EventRounds "13"]
[EventCountry "CZE"]
[SourceTitle "EXT 2007"]
[Source "ChessBase"]
[SourceDate "2006.11.23"]
[SourceVersion "1"]
[SourceVersionDate "2006.11.23"]
[SourceQuality "1"]

1. e4 Nf6 2. Nc3 d6 3. d4 g6 4. Nf3 Bg7 5. Bf4 0-0 6. Qd2 c6 7. Bh6 b5 8. Bxg7 Kxg7 9. Bd3 b4 10. Ne2 c5 11. 0-0 Bb7 12. Ng3 Qb6 13. d5 Nbd7 14. Qg5 Rae8 15. Rfe1 e6 16. Bc4 Ba6 17. Bxa6 Qxa6 18. dxe6 Rxe6 19. e5 dxe5 20. Nxe5 Nxe5 21. Rxe5 Rxe5 22. Qxe5 1/2-1/2